000
00522nam a2200157Ia 4500
008
090711s9999 xx 000 0 und d
082
_b
33547
100
_a
दत्ता केशव
245
_a
रात्र थोडी सोंगे फार
260
_c
1973
600
_a
दत्ता केशव
630
_a
रात्र थोडी सोंगे फार
700
_a
दत्ता केशव
730
_a
रात्र थोडी सोंगे फार
942
_c
BOOK
999
_c
305906
_d
305906